| 000 | 00438nam a2200145Ia 4500 | ||
|---|---|---|---|
| 008 | 160319s9999 xx 000 0 und d | ||
| 245 | _aLong Live the Philippines! / Mabuhay ang Pilipinas! / | ||
| 245 | _cIvory Music. | ||
| 260 | _bIvory Music and Video. | ||
| 300 | _a1 sound disc : | ||
| 300 | _bdigital : | ||
| 300 | _c4 3/4 in. | ||
| 500 | _a"The official album of the Philippine Centennial 1898-1998." | ||
| 650 | _aPhilippines. | ||
| 999 |
_c292801 _d292801 |
||